000 00719nam a2200253Ia 4500
003 OSt
005 20220918200147.0
006 a|||||r|||| 00| 0
007 ta
008 220917b |||||||| |||| 00| 0 eng d
024 _a87,696
037 _cTextual
040 _aARTS
_cARTS
_beng
041 _2eng
_aeng
082 _aT4:7(W).11.N, K7
100 _aLipset Seymour Martin Ed
_992942
245 0 _aStudent politics
260 _aLondon
_bBasic
_c1967
300 _aix, 403p.
_ccm.
490 _aStudent movement past and present ed by Seymour Martin Lipset
650 _aHIGHER EDUCATION
942 _hT4:7(W).11.N, K7
_cTEXL
_2CC
999 _c211386
_d211386